Phobia or Phauxbia? - Statistics

General Stats
  • This quiz has been taken 10 times
  • The average score is 11 of 15
Answer Stats
Question Answer % Correct
Rhaptilophobia – Fear of surfaces changing. Phauxbia
100%
Pogonophobia – Fear of beards. Phobia
100%
Hippopotomonstrosesquipedaliophobia – The fear of long words. Phobia
100%
Erythrocrenophobia – Fear of red patterns appearing unexpectedly. Phauxbia
83%
Sensynophobia — Fear of losing one of your senses. Phauxbia
83%
Omphalophobia – Fear of belly buttons. Phobia
83%
Pediophobia – Fear of dolls. Phobia
83%
Arachibutyrophobia – Fear of peanut butter sticking to the roof of your mouth. Phobia
83%
Xanthophobia – Fear of the color yellow. Phobia
83%
Orrhaphobia – Fear of gaps or missing elements in otherwise complete things. Phauxbia
67%
Ablutophobia – Fear of washing or bathing. Phobia
67%
Turophobia – Fear of cheese. Phobia
67%
Optophobia – Fear of opening your eyes. Phobia
67%
Thalassomorphophobia – Fear of sea-like shapes or waves appearing in unusual contexts. Phauxbia
33%
Haptraphobia – Fear of accidental touch or contact in social settings. Phauxbia
17%
No matching quizzes found
Score Distribution
Percent of People with Each Score
Percentile by Number Answered
Your Score History
You have not taken this quiz